| 000 | 00685 a2200193 4500 | ||
|---|---|---|---|
| 003 | Nust | ||
| 005 | 20230127121106.0 | ||
| 010 | _a 87027869 | ||
| 020 | _a0030286220 | ||
| 040 | _cNust | ||
| 082 | 0 | 0 | _a808,FEI |
| 100 | 1 |
_aFeinberg, Susan. _9107881 |
|
| 245 | 1 | 0 |
_aComponents of technical writing / _cSusan Feinberg. |
| 260 |
_aNew York : _bHolt, Rinehart, and Winston, _cc1989. |
||
| 300 |
_axvi, 539 p. : _bill. ; _c24 cm. |
||
| 505 | _aUnit.1: The Components of Technical Writhing (Page-1), Unit.2: The Components of Technical Reports (Page-155), Unit.3: The Components of Professional Communication (Page-383). | ||
| 650 | 0 | _aTechnical writing. | |
| 942 |
_2ddc _cBK _k808,FEI |
||
| 999 |
_c188516 _d188516 |
||